| 000 | 00423cam a2200169ua 4500 | ||
|---|---|---|---|
| 020 | _c14.00 | ||
| 041 |
_aeng _h |
||
| 082 |
_a370.1 _bHUM/IN |
||
| 100 | _aHumayun, Kabir . | ||
| 245 |
_aIndian philosophy of education / _cHumayun Kabir. _hTextual Documents |
||
| 260 |
_aMumbai : _bAsia Publishing House , _c1964. |
||
| 300 | _a256 ; . | ||
| 365 | _a14.00 | ||
| 504 | _a | ||
| 942 | _cBK | ||
| 999 |
_c12086 _d12086 |
||